Insane Moments in British Politics - Statistics

General Stats
  • This quiz has been taken 1,161 times
  • The average score is 9 of 22
Answer Stats
Question Year Answer % Correct
Former Health Secretary Matt Hancock loses the government whip for appearing on which reality TV programme? 2022 I'm a Celebrity...Get Me Out of Here!
88%
Chancellor Rishi Sunak admits to two schoolboys that he is a "total _____ addict!" What did he claim he was addicted to? 2021 Coke
65%
What was Labour Leader Ed Miliband shown eating in an unflattering photo, that appeared on the Sun's front page the day before the election? 2015 Bacon Sandwich
55%
Where did Dominic Cummings travel to, breaking COVID-19 lockdown rules, in order to test his eyesight? 2020 Barnard Castle
55%
What was Diane Abbott MP pictured illegally consuming on a train, causing media uproar? 2019 A canned Mojito from Marks & Spencer
53%
How did Deputy Prime Minister John Prescott react when a protester threw an egg at him? 2001 He punched him in the face
52%
Prime Minister David Cameron appeared in a music video with which boyband? 2013 One Direction
48%
What question is Prime Minister David Cameron unexpectedly asked at the end of an interview on the One Show? "How on earth do you __________?" 2011 "Sleep at night?"
47%
Which dictator's book did Shadow Chancellor John McDonnell read from at the despatch box in the House of Commons? 2015 Mao Zedong
46%
What did Prime Minister Gordon Brown call an elderly member of the public he had just spoken to, without realising he was still wearing a microphone? 2010 "Bigoted woman"
42%
Which Chancellor was booed by the audience whilst handing out medals at the Paralympics? 2012 George Osborne
41%
Where was Prime Minister Boris Johnson found hiding to avoid being questioned by a Good Morning Britain reporter? 2019 In a fridge
40%
Which Liberal Democrat leader claimed to be "Britain's Next Prime Minister", just weeks before losing her seat in the general election? 2019 Jo Swinson
38%
Outgoing Chief Secretary to the Treasury Liam Byrne left a note in the office drawer for his successor. What did the note say? 2010 "I'm afraid there is no money"
36%
Which Foreign Secretary accidentally referred to his Chinese wife as Japanese, whilst on a visit in Beijing? 2018 Jeremy Hunt
35%
Which Defence Secretary, widely expected to become the next Conservative Party leader, loses his safe seat in the election? 1997 Michael Portillo
32%
What did a protester hand to Prime Minister Theresa May whilst she delivered her speech at Conservative Party Conference? 2017 P-45 Form
30%
Which MP appeared in Celebrity Big Brother and mimed licking milk out of the hands of actress Rula Lenska, whilst pretending to be a cat? 2006 George Galloway
26%
Whose breast did Jeremy Corbyn inadvertently touch when attempting a high five? 2017 Emily Thornberry
24%
What did former MP Rory Stewart ask the people of London to let him do whilst he was campaigning to be Mayor? 2020 Stay in their homes
14%
What singer is seen heckling Nigel Farage whilst he campaigns for Brexit on a boat on the River Thames? 2016 Bob Geldof
13%
David Cameron claims the last 10 minutes of which film, is one of his favourite movie moments? 2014 Shrek 2
4%
No matching quizzes found
Score Distribution
Percent of People with Each Score
Percentile by Number Answered
Your Score History
You have not taken this quiz